| 000 | 00805nam a2200217 a 4500 | ||
|---|---|---|---|
| 001 | 000024168 | ||
| 005 | 20200930022756.0 | ||
| 008 | 110119s1981 ag r 000 0 spa d | ||
| 040 |
_aDO-SdBNP _bspa _cBNPHU |
||
| 082 |
_axxxxx _bM479m |
||
| 100 | 1 |
_aMead, Margaret _949631 |
|
| 245 | 1 | 4 |
_aLas mujeres en el mundo de hoy : _bprejuicios y perjuicios / _cMargaret Mead , Teresa Orrego de Figueroa , Nadia Youssef ; traducción Artigas Suárez. |
| 260 |
_aBuenos Aires, Argentina : _bFraterna, _c1981. |
||
| 300 |
_a362 p. ; _c20 cm. |
||
| 504 | _aIncluye referencias bibliográficas y notas al pie de las páginas. | ||
| 534 | _awomen and world development | ||
| 700 | 1 |
_aOrrego de Figueroa, Teresa _949632 |
|
| 700 | 1 |
_aYoussef, Nadia _949633 |
|
| 700 | 1 |
_aSuárez, Artigas, _etr. _949634 |
|
| 049 | _aBNGR | ||
| 999 |
_c23662 _d23662 |
||